Arquitectura europea del siglo XX. (Record no. 134562)

MARC details
000 -LEADER
campo de control de longitud fija 00733nam a22002297i 4500
001 - NÚMERO DE CONTROL
campo de control 134562
003 - IDENTIFICADOR DE NÚMERO DE CONTROL
campo de control ES-MaACL
007 - CAMPO FIJO DE DESCRIPCIÓN FÍSICA--INFORMACIÓN GENERAL
campo de control de longitud fija t|
008 - DATOS DE LONGITUD FIJA--INFORMACIÓN GENERAL
campo de control de longitud fija 070911s1955 sp ||||0| spa d
016 7# - NÚMERO DE CONTROL DE UNA AGENCIA BIBLIOGRÁFICA NACIONAL
Número de control cancelado/no válido IND2000944515
-- BNE20001891021
-- IND2000944500
040 ## - FUENTE DE CATALOGACIÓN
Centro catalogador/agencia de origen M-BN-DP
Lengua de catalogación spa
Centro/agencia transcriptor M-BN-DP
080 ## - NÚMERO DE LA CLASIFICACIÓN DECIMAL UNIVERSAL
Número de la Clasificación Decimal Universal 72(4)"19"
100 1# - ENTRADA PRINCIPAL--NOMBRE DE PERSONA
Nombre de persona Whittick, Arnold.
9 (RLIN) 116719
245 10 - MENCIÓN DEL TÍTULO
Título Arquitectura europea del siglo XX.
Número de parte o sección de la obra , . Tomo 1 /
Mención de responsabilidad, etc. por Arnold Whittick ; [traducción directa del inglés por Luis Castro].
250 ## - MENCION DE EDICION
Mención de edición 1ª ed.
260 ## - PUBLICACIÓN, DISTRIBUCIÓN, ETC.
Lugar de publicación, distribución, etc. Barcelona :
Nombre del editor, distribuidor, etc. AHR,
Fecha de publicación, distribución, etc. [1955]
300 ## - DESCRIPCIÓN FÍSICA
Extensión v. <1> :
Otras características físicas il ;
Dimensiones 28 cm.
650 17 - PUNTO DE ACCESO ADICIONAL DE MATERIA--TÉRMINO DE MATERIA
Término de materia o nombre geográfico como elemento de entrada Arquitectura europea
Fuente del encabezamiento o término
9 (RLIN) 153526
700 1# - ENTRADA AGREGADA--NOMBRE PERSONAL
Nombre de persona Castro, Luis.
9 (RLIN) 36876
852 ## - LOCALIZACIÓN
Ubicación ES-MaACL
Número de control de estantería P-990
Holdings
Estatus retirado Estado de pérdida Estado de daño No para préstamo Biblioteca de origen Biblioteca actual Ubicación en estantería Fecha de adquisición Fuente de adquisición Total de préstamos Signatura topográfica completa Código de barras Visto por última vez Precio de reemplazo Tipo de ítem Koha
        Biblioteca del Ateneo de Madrid Biblioteca del Ateneo de Madrid Depósito 2 17/01/2008     P-990 1140062 23/02/2023 23/02/2023 Libro impreso